000 02770nam a2200229Ia 4500
999 _c7848
_d7848
005 20250621101239.0
008 230417s9999 xx 000 0 und d
020 _a84-481-2777-3
040 _aUPAN
_cBiblioteca San Vicente
_eRCAA2
041 _aspa
082 _a330
_bM634e
_c2000
100 _aMochon, Francisco
_4aut.
245 0 _aEconomía:
_bTeoría y política./
_cFrancisco Mochón
250 _a4 ªed.
260 _aEspaña:
_bMcGraw Hill,
_c2000
300 _a764 p.;
_c25 cm.
505 _aParte I: Los fundamentos de la economía. Capitulo 1. Las reglas del juego de la economía. Parte II: La oferta y la demanda: el funcionamiento de los mercados de productos. Capitulo 2. La oferta, la demanda y el mercado. Capitulo 3. La elasticidad y sus aplicaciones. Capitulo 4. La demanda y el comportamiento del consumidor. Capitulo 5. La producción y la empresa. Capitulo 6. Los costes y la maximización de los beneficios. Capitulo 7. La empresa en los mercados de competencia perfecta. Capitulo 8. Competencia imperfecta: el monopolio. Capitulo 9. Competencia imperfecta: el oligopolio y la competencia monopolística. Parte III: Los mercados de factores y la distribución de la renta. Capitulo 10. Los mercados de factores y la distribución de la renta. Capitulo 11. Los mercados de trabajo de la tierra y del capital. Parte IV: La economía, el bienestar y el estado. Capitulo 12. La eficiencia y los fallos del mercado. Capitulo 13. El papel del estado en la economía. Parte V: La Macroeconomía: una visión panorámica. Capitulo 14. Una visión panorámica de la macroeconomía. Capitulo 15. La medición del PIB: del PIB a la renta disponible. Parte VI: La macroeconomía en el corto plazo: Los mercados de bienes y de dinero. Capitulo 16. El equilibrio del mercado de bienes. Capitulo 17. Funciones del dinero. Capitulo 18. El Banco Central y la política monetaria. Capitulo 19. La macroeconomía de una economía abierta. Parte VII: La oferta y la demanda agregadas: entre el corto y el largo plazo. Capitulo 20. La oferta agregada y la curva de Phillips: el dilema entre la inflación y el paro. Capitulo 21. La demanda y la oferta agregadas: las políticas macroeconómicas en los modelos clásico, keynesiano y de la síntesis. Capitulo 22. Las fluctuaciones cíclicas. Capitulo 23. La inflación: causas y efectos. Parte VIII: Crecimiento y desarrollo económico. Capitulo 24. El crecimiento económico y el desarrollo. Parte IX: Los principios económicos básicos y la "Nueva economía". Capitulo 25. La nueva economía y las tecnologías de la información.
650 _2LEMB
_xEconomía - Teorías
650 _2LEMB
_xMacroeconomía
700 _4Castejón Montijano, Rafael
_aaut.
942 _cBK
_2ddc